Normal view
MARC view
- الشعر العربي-النقد الادبي-الادب العربي -العصر الاندلسي
Entry Topical Term
001 - CONTROL NUMBER
- control field: 63012
003 - CONTROL NUMBER IDENTIFIER
- control field: JO-AjAnu
005 - DATE AND TIME OF LATEST TRANSACTION
- control field: 20230606084304.0
008 - FIXED-LENGTH DATA ELEMENTS
- fixed length control field: 230606|| aca||aabn | a|a d
040 ## - CATALOGING SOURCE
- Original cataloging agency: JO-AjAnu
- Transcribing agency: JO-AjAnu
150 ## - HEADING--TOPICAL TERM
- Topical term or geographic name entry element: الشعر العربي-النقد الادبي-الادب العربي -العصر الاندلسي
670 ## - SOURCE DATA FOUND
- Source citation: Work cat.: (JO-AjAnu)32128: مجيد، إيفان فهمي حميد, author 63011, المظاهر الثقافية في الشعر الاندلسي: حقبة الاندلس الصغرى